La devoción a los SS. Corazones en el valle de Sóller (Mallorca) / (Record no. 112137)

MARC details
000 -LEADER
campo de control de longitud fija 00489nam a2200157 4500
001 - NÚMERO DE CONTROL
campo de control 112137
003 - IDENTIFICADOR DE NÚMERO DE CONTROL
campo de control ES-MaACL
005 - FECHA Y HORA DE LA ÚLTIMA TRANSACCIÓN
campo de control 20230906185443.0
007 - CAMPO FIJO DE DESCRIPCIÓN FÍSICA--INFORMACIÓN GENERAL
campo de control de longitud fija t|
008 - DATOS DE LONGITUD FIJA--INFORMACIÓN GENERAL
campo de control de longitud fija 061121s1967 sp r ||||1| spa d
100 1# - ENTRADA PRINCIPAL--NOMBRE DE PERSONA
Nombre de persona Nicolau Bauza, J.
9 (RLIN) 85584
245 13 - MENCIÓN DEL TÍTULO
Título La devoción a los SS. Corazones en el valle de Sóller (Mallorca) /
Mención de responsabilidad, etc. J. Nicolau Bauza, M. SS. CC.
260 ## - PUBLICACIÓN, DISTRIBUCIÓN, ETC.
Lugar de publicación, distribución, etc. Sóller :
Nombre del editor, distribuidor, etc. [s. n.],
Fecha de publicación, distribución, etc. 1967 (
Fabricante Imp. Marqués)
300 ## - DESCRIPCIÓN FÍSICA
Extensión 78 p. ;
Dimensiones 19 cm.
852 ## - LOCALIZACIÓN
Ubicación ES-MaACL
Número de control de estantería C-34164
Sublocalización o colección R.65253
Holdings
Estatus retirado Estado de pérdida Estado de daño No para préstamo Biblioteca de origen Biblioteca actual Ubicación en estantería Fecha de adquisición Fuente de adquisición Total de préstamos Signatura topográfica completa Código de barras Visto por última vez Precio de reemplazo Tipo de ítem Koha
        Biblioteca del Ateneo de Madrid Biblioteca del Ateneo de Madrid Depósito 2 17/01/2008     C-34164 1116970 23/02/2023 23/02/2023 Libro impreso